European Capitals with the Least Precipitation - Statistics

General Stats
  • This quiz has been taken 96 times
  • The average score is 5 of 9
Answer Stats
in Capital city % Correct
17.9 Athens
94%
16.8 Madrid
92%
17.1 Prague
60%
20.3 Berlin
56%
20.9 Budapest
55%
20.7 Warsaw
50%
19.0 Skopje
45%
21.6 Chisinau
44%
21.6 Stockholm
38%
No matching quizzes found
Score Distribution
Percent of People with Each Score
Percentile by Number Answered
Your Score History
You have not taken this quiz